| 000 | 01186nam a2200241 i 4500 | ||
|---|---|---|---|
| 001 | 186825 | ||
| 003 | ES-MaACL | ||
| 005 | 20240213102346.0 | ||
| 007 | t| | ||
| 008 | 170220s1880 fr |||| | fre d | ||
| 111 | 2 |
_aCongrès International pour le Patronage des Prisonniers Libérés ( _d1878. _cParis) _9161825 |
|
| 245 | 1 | 0 |
_aCongrès International pour le Patronage des Prisonniers Libérés tenu à Paris les 12, 13 et 14 septembre 1878 _b: comptes rendus sténographiques publiés sous les auspices du Comité Central des Congrès et Confèrences et la direction de Ch. Thirion. |
| 260 |
_aParis : _bImprimeria Nationale, _c1880. |
||
| 300 |
_a118 p.. ; _c24 cm. |
||
| 490 | 1 |
_aCongrès et conférences du Palais du Trocadéro ; _v26 |
|
| 500 | _aPrecede al tít.: Ministère de l'Agriculture et du Commerce, Exposition Universelle International de 1878, à Paris. | ||
| 650 | 4 |
_aEstablecimientos penitenciarios- _vCongresos y asambleas. _9163123 |
|
| 711 | 2 |
_aExposition Universelle ( _d1878. _cParis) _9135143 |
|
| 830 | 0 |
_aCongrès et conférences du Palais du Trocadéro ; _v26 _9192600 |
|
| 852 |
_aES-MaACL _jG-1755(2) |
||
| 942 | _2udc | ||
| 999 |
_c186825 _d186825 |
||